Statistics for Finland airports

Click here to take the quiz!

General Stats

  • This quiz has been taken 323 times
  • The average score is 4 of 20

Answer Stats

HintAnswer% Correct
1.Helsinki-Vantaa
100%
2.Oulu
63%
3.Tampere-Pirkkala
45%
4.Rovaniemi
30%
5.Turku
22%
6.Kuopio
17%
7.Vaasa
14%
8.Kittilä
9%
9.Ivalo
8%
10.Jyväskylä
7%
11.Joensuu
6%
14.Kajaani
5%
13.Kokkola-Pietarsaari
5%
16.Pori
5%
15.Kemi-Tornio
4%
18.Lappeenranta
4%
17.Maarianhamina
4%
19.Savonlinna
4%
12.Kuusamo
3%
20.Enontekiö-Kautkokeino
2%

Score Distribution

Percentile by Number Answered

Percent of People with Each Score

Your Score History

You have not taken this quiz